00338nam a22001337a 4500020001800000082001600018100002700034245003900061260003200100300001000132650002200142650002500164650001500189 a9789357325783 aM301bUNN/P aUnnikrishnan Kidangoor aPontha/cby Unnikrishnan Kidangoor aKottayam:bDC Books,c2024. a162p. aStories Malayalam aLiterature Malayalam aLiterature